000 00583nam a22002052 4500
001 0000018761
005 20151217152134.0
008 100617s xx 000 0 eng d
020 _a9966777423 :
040 _aKABU
_cKABU
100 1 _aSirengo, Joseph.
_@0000178118
245 1 0 _aDeterminants of Kenya's fiscal performance /
_cJoseph Sirengo.
250 _a1st ed.
260 _aNairobi :
_bKIPPRA,
_c2008.
300 _av, 26 p.
650 0 _aFiscal policy
_zKenya.
_@0000160756
908 _a100617
950 _@1
999 _c8642
_d8642